000 00326nam a2200121Ia 4500
008 190216s9999||||xx |||||||||||||| ||und||
100 _a"Bernard Ostle, Richard W Mensing"
245 0 _aStatistics In Research
260 _bOxford And Ibh Publishing Co. Pvt Ltd
_c1964
300 _a583p
650 _aStatistics
942 _cREF
999 _c35426
_d35426